Influence of asphalt temperature susceptibility on pavement construction and performance / (Record no. 547739)

000 -LEADER
fixed length control field 00719nam a2200181 a 4500
020 ## - INTERNATIONAL STANDARD BOOK NUMBER
International Standard Book Number 0309037093 (pbk.) :
082 00 - DEWEY DECIMAL CLASSIFICATION NUMBER
Classification number 625.7 s
-- 625.85
Author Mark NAT
-- Donation
245 00 - TITLE STATEMENT
Title Influence of asphalt temperature susceptibility on pavement construction and performance /
Statement of responsibility, etc. J.W. Button ... [et al.].
260 ## - PUBLICATION, DISTRIBUTION, ETC.
Place of publication, distribution, etc. Washington, D.C. :
Name of publisher, distributor, etc. Transportation Research Board, National Research Council,
Date of publication, distribution, etc. [1983]
300 ## - PHYSICAL DESCRIPTION
Extent 62 p. :
Other physical details ill. ;
Dimensions 28 cm.
490 1# - SERIES STATEMENT
Series statement National Cooperative Highway Research Program report,
526 ## - STUDY PROGRAM INFORMATION NOTE
Program name 0
Interest level 0
Reading level 0
Title point value 625_700000000000000_S_NAT
650 #0 - SUBJECT ADDED ENTRY--TOPICAL TERM
Topical term or geographic name entry element Asphalt
General subdivision Thermal properties.
9 (RLIN) 43878
650 #0 - SUBJECT ADDED ENTRY--TOPICAL TERM
Topical term or geographic name entry element MCE
9 (RLIN) 379
650 #0 - SUBJECT ADDED ENTRY--TOPICAL TERM
Topical term or geographic name entry element Pavements, Asphalt.
9 (RLIN) 21213
700 1# - ADDED ENTRY--PERSONAL NAME
Personal name Button, Joe W.
9 (RLIN) 22005
942 ## - ADDED ENTRY ELEMENTS (KOHA)
Source of classification or shelving scheme
Koha item type Book
Holdings
Withdrawn status Lost status Source of classification or shelving scheme Damaged status Not for loan Permanent Location Current Location Date acquired Total Checkouts Full call number Barcode Date last seen Price effective from Koha item type
          Military College of Engineering (MCE) Military College of Engineering (MCE) 08/05/2014   625.7 s NAT MCE-42091 08/05/2014 08/05/2014 Book
© 2023 Central Library, National University of Sciences and Technology. All Rights Reserved.